Географическо-статистический словарь Амурской и Приморской областей, с включением некоторых пунктов сопредельных с ними стран

Podrobná bibliografie
Další autoři: Кириллов А. Александр (составитель)
Shrnutí:Сост. и загл. указаны на корешке.
Jazyk:ruština
Vydáno: Благовещенск, Типография т-ва Д. О. Мокин и Ко., 1894
Témata:
Médium: MixedMaterials Kniha
KOHA link:https://koha.lib.tpu.ru/cgi-bin/koha/opac-detail.pl?biblionumber=262949

MARC

LEADER 00000nam0a2200000 4500
001 262949
005 20231031222229.0
035 |a (RuTPU)RU\TPU\book\285933 
090 |a 262949 
100 |a 20140604d1894 m y0rusy50 ca 
101 0 |a rus 
102 |a RU 
105 |a y e 001zy 
200 1 |a Географическо-статистический словарь Амурской и Приморской областей, с включением некоторых пунктов сопредельных с ними стран  |f сост. А. Кириллов 
210 |a Благовещенск  |c Типография т-ва Д. О. Мокин и Ко.  |d 1894 
215 |a IV, 541, [3] с. 
300 |a Сост. и загл. указаны на корешке. 
320 |a Использованная литература в конце предисл. 
610 1 |a словари 
610 1 |a география 
610 1 |a статистика 
610 1 |a Амурская область 
610 1 |a Приморье 
675 |a 91(038)  |v 3 
702 1 |a Кириллов  |b А.  |g Александр  |4 220 
801 1 |a RU  |b 63413507  |c 20140604 
801 2 |a RU  |b 63413507  |c 20140604  |g RCR 
942 |c BK